000 00550nam a2200193 i 4500
001 121334
003 ES-MaACL
005 20250822063159.0
007 t|
008 070214s1981 sp r ||||1| cat d
100 1 _aPla, Josep,
_d1897-1981
_9164614
245 1 0 _aSantiago Rusiñol i el seu temps /
_cJosep Pla.
250 _a1ª ed.
260 _aBarcelona :
_bDestino,
_c1981.
300 _a307 p. ;
_c19 cm.
600 1 4 _aRusiñol, Santiago,
_d1861-1931
_9241043
852 _aES-MaACL
_jL-1726
_bR.102183
999 _c121334
_d121334